| 000 | 01098cam a22002895a 4500 | ||
|---|---|---|---|
| 006 | m||||f |||| 00| 0 | ||
| 008 | 150816t2001 ad||f |||| 001 0 eng d | ||
| 010 | _a 00064650 | ||
| 020 | _a088415372X (alk. paper) | ||
| 020 | _a9780884153726 | ||
| 040 |
_aEG-ScBUE _beng _cEG-ScBUE |
||
| 082 | 0 | 4 |
_a622.33820113 _bFAN _222 |
| 100 | 1 | _aFanchi, John R. | |
| 245 | 1 | 0 |
_aPrinciples of applied reservoir simulation / _cJohn Fanchi. |
| 246 | 3 | 0 | _aApplied reservoir simulation |
| 250 | _a2nd ed. | ||
| 260 |
_aBoston : _bGulf Pub., _cc2001. |
||
| 300 |
_axvii, 355 p. : _bill,col. ; _c24 cm. + _e1 computer optical disc (4 3/4 in.) |
||
| 500 | _aindex 347-355. | ||
| 504 | _aIncludes bibliographical references. | ||
| 650 | 0 |
_aOil fields _xComputer simulation. _2BUEsh |
|
| 650 | 0 |
_aPetroleum _xGeology _xMathematical models. _2BUEsh _924666 |
|
| 651 | _2BUEsh | ||
| 856 | 4 | 1 |
_3Table of contents _uhttp://www.loc.gov/catdir/toc/els051/00064650.html |
| 856 | 4 | 1 |
_3Publisher description _uhttp://www.loc.gov/catdir/description/els031/00064650.html |
| 942 |
_cBB _k622.33820113FAN _2ddc |
||
| 999 |
_c5438 _d5438 |
||